000 01771nam a2200505 i 4500
001 14609
003 KOSZ 005
005 20220117143213.0
008 191026s1972 pl a f 000 0 pol
015 _aPB 1973/10857
035 _a991035110599705066
035 _a(PL-WaBN)b19442658-48omnis_nlop
035 _ab19442658
035 _a(OCoLC)839043129
035 _a(PL)b0000001944265
035 _a(EXLNZ-48OMNIS_NETWORK)9910169819405606
040 _aWA N
_cWA N
_dKOSZ 005/RW
041 1 _apol
_hrus
046 _k1969
080 _a658.1/.5
080 _a66/69
080 _a007
100 1 _aGutštejn, Anatolij Isaakovič
_eAutor
245 1 0 _aZarządzanie przedsiębiorstwem przemysłowym a cybernetyka /
_cAnatol I. Gutsztejn ; [tłumaczenie Tadeusz Jaegermann].
246 1 _iTytuł oryginału:
_aUpravlenie promyšlennym predpriâtiem i kibernetika
260 _aWarszawa :
_bPaństwowe Wydawnictwo Ekonomiczne,
_c1972.
300 _a190, [2] stron :
_bilustracje ;
_c18 cm.
336 _aTekst
_btxt
_2rdacontent
337 _aBez urządzenia pośredniczącego
_bn
_2rdamedia
338 _aWolumin
_bnc
_2rdacarrier
380 _aKsiążki
388 _a1901-2000
504 _aBibliografia na stronach 190-[191].
650 7 _aCybernetyka
_2DBN
650 7 _aProdukcja
_2DBN
650 7 _aOrganizacja
650 7 _aZarządzanie
_2DBN
650 7 _aPrzemysł
658 _aZarządzanie i marketing
700 1 _aJaegermann, Tadeusz
_d(1918- )
_eTłumaczenie
710 2 _aPaństwowe Wydawnictwo Ekonomiczne
_4pbl
856 _uhttp://koha.tu.koszalin.pl/cgi-bin/koha/opac-detail.pl?biblionumber=14609
_yKatalog online BPK
942 _2UKD
_cKS
999 _c14609
_d14609